| 000 | 00645nam a2200181 a 4500 | ||
|---|---|---|---|
| 008 | 130627s2005 ||||||||||||||||| || u | ||
| 020 | _a9781847245458 | ||
| 050 | _aPT 9876.22.A6933 G57 | ||
| 100 | _aLarsson, Stieg | ||
| 245 | 1 | 4 |
_aThe girl with the dragon tattoo _cby Stieg Larsson |
| 260 |
_aLondon: _bMaclehose Press _c2005 |
||
| 300 | _a538p. | ||
| 650 | _aMISSING PERSONS--FICTION | ||
| 650 | _aSTOCKHOLM(SWEDEN)--FICTION | ||
| 650 | _aRICH PEOPLE--FICTION | ||
| 650 | _aCORRUPTION--FICTION | ||
| 995 |
_FCBU-MAIN LIBRARY (Kitwe) _M1 _UAVAILABLE _WJul 12, 2013 _ZFiction Collection |
||
| 999 |
_c44580 _d44580 |
||